الصراع على ليبيا بالوثائق: قصة الطائرة الامريكية والصدام بين ليبيا والغرب / (Record no. 51927)
[ view plain ]
| 000 -الفاتح | |
|---|---|
| حقل البيانات ثابتة الطول | 00674nam a2200169Ia 4500 |
| 008 - عناصر البيانات ثابتة الطول - معلومات عامة | |
| حقل البيانات ثابتة الطول | 140319s9999 xx 000 0 ara d |
| 040 ## - مصدر الفهرسة | |
| وكالة الفهرسة الأصلية | GCL / |
| وكالة النسخ | GCL |
| 082 04 - رقم تصنيف ديوى العشرى | |
| رقم التصنيف | 961.208 |
| رقم المادة | ن ص |
| 100 1# - المدخل الرئيسى - إسم شخصى | |
| الإسم الشخصى | نخبة من الخبراء العرب |
| 245 10 - بيان العنوان | |
| العنوان | الصراع على ليبيا بالوثائق: قصة الطائرة الامريكية والصدام بين ليبيا والغرب / |
| بيان المسئوليه,etc | نخبة من الخبراء العرب |
| 300 ## - الوصف المادى | |
| التعداد | 325 ص |
| 490 ## - بيان السلسلة | |
| عنوان السلسلة | الهيئة العامة للاستعلامات |
| رقم المجلد/ التعيين التسلسلي | 0 |
| 650 04 - المدخل الاضافى بالموضوع-مصطلح موضوعى | |
| مصطلح موضوعي | ليبيا - تاريخ - العصر الحديث |
| 650 04 - المدخل الاضافى بالموضوع-مصطلح موضوعى | |
| مصطلح موضوعي | ليبيا - معمر القذافى 1969 |
| 942 ## - عناصر المدخل الإضافي( كوها) | |
| مصدر التصنيف او مخطط الترفيف | Dewey Decimal Classification |
| Koha [default] item type | كتاب |
| حالة التراجع | حالة الفقد | حالة تلف | ليس للاعارة | المكان المؤقت | الموقع الحالى | تاريخ الاكتساب | اجمالي اﻻعارات | رقم الطلب | الباركود | تاريخ اخر مشاهدة | تاريخ تفعيل السعر | نوع وعاء كوها |
|---|---|---|---|---|---|---|---|---|---|---|---|---|
| مكتبة القاهرة الكبرى | مكتبة القاهرة الكبرى | 03/26/2014 | 961.208\ن ص | 124259 | 03/26/2014 | 03/26/2014 | كتاب |

